[Event "Sao Bernardo do Campo LXSBC"]
[Site "Sao Bernardo do Campo"]
[Date "2018.11.24"]
[Round "3.3"]
[White "De Oliveira, Rafaela Farias"]
[Black "Sobral, Juliana Maranduba"]
[Result "1-0"]
[WhiteElo "1716"]
[BlackElo "1472"]
[PlyCount "47"]
[EventDate "2018.11.23"]
[EventType "swiss"]
[EventRounds "5"]
[EventCountry "BRA"]
[SourceTitle "EXT 2022"]
[Source "ChessBase"]
[SourceDate "2021.10.06"]
[SourceVersion "1"]
[SourceVersionDate "2021.10.06"]
[SourceQuality "1"]

1. e4 c5 2. Nf3 Nc6 3. d4 cxd4 4. Nxd4 Qc7 5. Nc3 g6 6. Be3 Bg7 7. Be2 Nf6 8. f3 0-0 9. Qd2 a6 10. Nxc6 Qxc6 11. 0-0 b5 12. e5 Ne8 13. f4 Bb7 14. Bf3 Qc7 15. Nd5 Bxd5 16. Bxd5 Rc8 17. Rac1 d6 18. e6 Nf6 19. exf7+ Kh8 20. Be6 Rb8 21. f5 Ne4 22. Qe2 Bxb2 23. Rcd1 Nc3 24. Bd4# 1-0

[Event "Bairro op"]
[Site "Bairro Buritizal"]
[Date "2014.04.11"]
[Round "1"]
[White "Sobral, Juliana Maranduba"]
[Black "Ribeiro, Marcos Willian de S"]
[Result "0-1"]
[WhiteElo "1478"]
[BlackElo "1947"]
[PlyCount "64"]
[EventDate "2014.04.11"]
[EventType "swiss"]
[EventRounds "6"]
[EventCountry "BRA"]
[SourceTitle "CBM 160 Extra"]
[Source "ChessBase"]
[SourceDate "2014.07.01"]
[SourceVersion "1"]
[SourceVersionDate "2014.07.01"]
[SourceQuality "1"]

1. e4 c5 2. Nf3 d6 3. Nc3 Nc6 4. d4 cxd4 5. Nxd4 Nf6 6. Be3 g6 7. Bc4 Bg7 8. Qd2 Ng4 9. Nxc6 bxc6 10. 0-0 Nxe3 11. Qxe3 0-0 12. Rad1 Rb8 13. b3 Qa5 14. Ne2 Qxa2 15. c3 Qa5 16. Ra1 Qb6 17. Qd3 Rd8 18. b4 d5 19. exd5 cxd5 20. Bb3 Bb7 21. Rad1 e6 22. Qg3 Ba6 23. Rfe1 Rbc8 24. Nd4 Qc7 25. f4 Qxc3 26. Qxc3 Rxc3 27. Ba2 Rb8 28. Nxe6 fxe6 29. Rxe6 Bc4 30. Bxc4 Rxc4 31. Rxd5 Rxf4 32. Re7 Bd4+ 0-1

[Event "Cordeiropolis op 3rd"]
[Site "Cordeiropolis"]
[Date "2013.09.01"]
[Round "6"]
[White "Marino, Felipe Gabriel"]
[Black "Sobral, Juliana Maranduba"]
[Result "1-0"]
[WhiteElo "1624"]
[BlackElo "1479"]
[PlyCount "77"]
[EventDate "2013.08.30"]
[EventType "swiss"]
[EventRounds "6"]
[EventCountry "BRA"]
[SourceTitle "CBM 156 Extra"]
[Source "ChessBase"]
[SourceDate "2013.10.22"]
[SourceVersion "1"]
[SourceVersionDate "2013.10.22"]
[SourceQuality "1"]

1. e4 c5 2. Nf3 d6 3. d4 cxd4 4. Nxd4 g6 5. g3 Bg7 6. Bg2 Nf6 7. 0-0 0-0 8. Re1 Nbd7 9. Nc3 a6 10. Be3 Nb6 11. Qd3 Ng4 12. f4 e5 13. fxe5 dxe5 14. Nb3 Qxd3 15. cxd3 Rb8 16. Bxb6 f5 17. exf5 Bxf5 18. Ne4 Nf6 19. d4 Nd5 20. Bc5 Rfd8 21. dxe5 Bxe5 22. Nc3 Bxc3 23. bxc3 Nxc3 24. Bb4 Nd5 25. Bxd5+ Rxd5 26. Rad1 Rb5 27. Bd6 Rc8 28. Rd2 Rc3 29. Re8+ Kf7 30. Re7+ Kg8 31. Bf4 Rc8 32. Rc7 Re8 33. Kf2 Bg4 34. Rc5 Rb6 35. Re5 Rc8 36. Red5 Kf7 37. Rd6 Rb4 38. Rd8 Rc3 39. Rf8+ 1-0

[Event "Sao Bernardo do Campo op"]
[Site "Sao Bernardo do Campo"]
[Date "2013.06.30"]
[Round "6"]
[White "Sobral, Juliana Maranduba"]
[Black "Ferreira de Souza, Ricardo"]
[Result "1/2-1/2"]
[WhiteElo "1480"]
[BlackElo "1409"]
[PlyCount "36"]
[EventDate "2013.06.28"]
[EventType "swiss"]
[EventRounds "6"]
[EventCountry "BRA"]
[SourceTitle "EXT 2014"]
[Source "ChessBase"]
[SourceDate "2013.11.20"]
[SourceVersion "1"]
[SourceVersionDate "2013.11.20"]
[SourceQuality "1"]

1. e4 e5 2. Nf3 Nc6 3. Nc3 Nf6 4. Bc4 d6 5. d3 Bg4 6. h3 Bh5 7. 0-0 Be7 8. Bg5 0-0 9. g4 Bg6 10. Bxf6 Bxf6 11. Nd5 h6 12. Qe2 a6 13. a3 Re8 14. Nxf6+ Qxf6 15. c3 Rad8 16. Rad1 b5 17. Bd5 Ne7 18. Ba2 c6 1/2-1/2

[Event "Sao Bernardo do Campo op"]
[Site "Sao Bernardo do Campo"]
[Date "2013.06.29"]
[Round "3"]
[White "Gerbelli Neto, Eduardo"]
[Black "Sobral, Juliana Maranduba"]
[Result "1-0"]
[WhiteElo "2176"]
[BlackElo "1480"]
[PlyCount "27"]
[EventDate "2013.06.28"]
[EventType "swiss"]
[EventRounds "6"]
[EventCountry "BRA"]
[SourceTitle "EXT 2014"]
[Source "ChessBase"]
[SourceDate "2013.11.20"]
[SourceVersion "1"]
[SourceVersionDate "2013.11.20"]
[SourceQuality "1"]

1. d4 e6 2. e4 Nf6 3. Bd3 c5 4. e5 Nd5 5. Nc3 Nb6 6. Nf3 Nc6 7. dxc5 Bxc5 8. Ne4 Be7 9. Bg5 0-0 10. Qd2 Qc7 11. Bxe7 Nxe7 12. Nf6+ gxf6 13. exf6 Ng6 14. Qh6 1-0

[Event "Sao Bernardo do Campo op"]
[Site "Sao Bernardo do Campo"]
[Date "2013.05.26"]
[Round "5"]
[White "Sobral, Juliana Maranduba"]
[Black "De Moraes, Luiz Gustavo"]
[Result "0-1"]
[WhiteElo "1494"]
[BlackElo "1680"]
[PlyCount "29"]
[EventDate "2013.05.24"]
[EventType "swiss"]
[EventRounds "6"]
[EventCountry "BRA"]
[SourceTitle "CBM 154 Extra"]
[Source "ChessBase"]
[SourceDate "2013.06.25"]
[SourceVersion "2"]
[SourceVersionDate "2013.06.25"]
[SourceQuality "1"]

1. e4 e5 2. Nf3 Nc6 3. Nc3 Nf6 4. d4 exd4 5. Nxd4 Nxd4 6. Qxd4 c5 7. Qd1 d6 8. Bc4 Be7 9. 0-0 0-0 10. Bf4 a6 11. Re1 b5 12. Bd5 Rb8 13. e5 dxe5 14. Bxe5 Rb6 15. Bf3 0-1

[Event "Rio Claro IRT op 2nd"]
[Site "Rio Claro"]
[Date "2013.04.27"]
[Round "4"]
[White "Sobral, Juliana Maranduba"]
[Black "Calixto, Roberto Carlos"]
[Result "0-1"]
[WhiteElo "1494"]
[BlackElo "1834"]
[PlyCount "25"]
[EventDate "2013.04.26"]
[EventType "swiss"]
[EventRounds "6"]
[EventCountry "BRA"]
[SourceTitle "CBM 154 Extra"]
[Source "ChessBase"]
[SourceDate "2013.06.25"]
[SourceVersion "2"]
[SourceVersionDate "2013.06.25"]
[SourceQuality "1"]

1. e4 c5 2. Nc3 Nc6 3. Nf3 Nf6 4. d4 cxd4 5. Nxd4 e5 6. Nf3 Bb4 7. Bd2 Bxc3 8. Bxc3 Nxe4 9. Nxe5 Nxe5 10. Bxe5 Qa5+ 11. Bc3 Nxc3 12. bxc3 Qxc3+ 13. Ke2 0-1

[Event "Rio Claro IRT op 2nd"]
[Site "Rio Claro"]
[Date "2013.04.26"]
[Round "1"]
[White "Brienza, Amalio Coelho"]
[Black "Sobral, Juliana Maranduba"]
[Result "1-0"]
[WhiteElo "1950"]
[BlackElo "1494"]
[PlyCount "85"]
[EventDate "2013.04.26"]
[EventType "swiss"]
[EventRounds "6"]
[EventCountry "BRA"]
[SourceTitle "CBM 154 Extra"]
[Source "ChessBase"]
[SourceDate "2013.06.25"]
[SourceVersion "2"]
[SourceVersionDate "2013.06.25"]
[SourceQuality "1"]

1. d4 e6 2. Nf3 Nf6 3. Bg5 Be7 4. e3 d5 5. Bd3 Nbd7 6. Nbd2 b6 7. 0-0 Bb7 8. c3 Rc8 9. Qa4 a5 10. Ne5 c6 11. f4 Nxe5 12. fxe5 Nd7 13. Bf4 0-0 14. Qc2 g6 15. Bh6 Re8 16. Rf3 Bg5 17. Bxg5 Qxg5 18. Raf1 Rf8 19. Rg3 Qh6 20. Rh3 Qg5 21. Rff3 Qe7 22. Rfg3 f5 23. Qd1 c5 24. Qh5 Qg7 25. Qg5 Rf7 26. Nf3 cxd4 27. exd4 Bc6 28. Qf4 Qf8 29. Ng5 Re7 30. Be2 Rce8 31. Bh5 Rg7 32. Be2 Ree7 33. Rh6 Qe8 34. h4 Nf8 35. h5 b5 36. Rh3 b4 37. cxb4 axb4 38. Qd2 Rb7 39. hxg6 Nxg6 40. Bh5 Kf8 41. Nxh7+ Rxh7 42. Rxh7 Rxh7 43. Bxg6 1-0

[Event "Rio Clao IRT Interior op"]
[Site "Rio Claro"]
[Date "2012.11.02"]
[Round "1"]
[White "Haddad Filho, Paulo Ibrahim"]
[Black "Sobral, Juliana Maranduba"]
[Result "1-0"]
[WhiteElo "1972"]
[BlackElo "1503"]
[PlyCount "37"]
[EventDate "2012.11.02"]
[EventType "swiss"]
[EventRounds "6"]
[EventCountry "BRA"]
[SourceTitle "CBM 151 Extra"]
[Source "ChessBase"]
[SourceDate "2012.12.18"]
[SourceVersion "1"]
[SourceVersionDate "2012.12.18"]
[SourceQuality "1"]

1. d4 e6 2. e4 d5 3. Nd2 c5 4. c3 Nc6 5. Ngf3 Nf6 6. e5 Nd7 7. Bd3 f6 8. 0-0 fxe5 9. dxe5 Ndxe5 10. Nxe5 Nxe5 11. Qh5+ Nf7 12. Re1 Qg5 13. Bb5+ Ke7 14. Qe2 Qf6 15. Nf3 Kd6 16. g3 e5 17. Nxe5 Kc7 18. Bf4 Kd8 19. Nxf7+ 1-0

[Event "Sao Bernardo do Campo op"]
[Site "Sao Bernardo do Campo"]
[Date "2012.09.15"]
[Round "3"]
[White "Borensztajn, David"]
[Black "Sobral, Juliana Maranduba"]
[Result "1-0"]
[WhiteElo "1884"]
[BlackElo "1497"]
[PlyCount "97"]
[EventDate "2012.09.14"]
[EventType "swiss"]
[EventRounds "6"]
[EventCountry "BRA"]
[SourceTitle "CBM 150 Extra"]
[Source "ChessBase"]
[SourceDate "2012.10.19"]
[SourceVersion "1"]
[SourceVersionDate "2012.10.19"]
[SourceQuality "1"]

1. c4 Nf6 2. Nc3 e5 3. e4 c6 4. g3 d5 5. cxd5 cxd5 6. exd5 Nxd5 7. Bg2 Nf6 8. Nge2 Nc6 9. a3 Bc5 10. 0-0 0-0 11. Ne4 Bb6 12. d3 h6 13. N2c3 Bf5 14. Be3 Bd4 15. Nxf6+ Qxf6 16. Qe2 Rfd8 17. Rad1 Rab8 18. Ne4 Qe6 19. Rfe1 b6 20. Rc1 Rbc8 21. Rc2 Na5 22. Rxc8 Rxc8 23. Bxd4 exd4 24. b4 Bxe4 25. Bxe4 Nc6 26. Qb2 Qd6 27. Rc1 Ne7 28. Rxc8+ Nxc8 29. Qc2 Ne7 30. Qc4 Kf8 31. Kg2 g6 32. Qc1 Kg7 33. Qc4 g5 34. Kf1 f5 35. Bf3 f4 36. Bd1 fxg3 37. hxg3 Qe5 38. Bb3 Qf6 39. a4 Kg6 40. a5 bxa5 41. bxa5 Nf5 42. Kg2 Ne7 43. Ba4 Qd6 44. Be8+ Kf5 45. Qf7+ Qf6 46. Bd7+ Ke5 47. f4+ gxf4 48. gxf4+ Qxf4 49. Qe6# 1-0

[Event "Altinopolis op 1st"]
[Site "Altinopolis"]
[Date "2012.04.03"]
[Round "5"]
[White "Sobral, Juliana Maranduba"]
[Black "Ribeiro de Souza, Mauricio"]
[Result "1-0"]
[WhiteElo "1800"]
[BlackElo "1715"]
[PlyCount "67"]
[EventDate "2012.02.03"]
[EventType "swiss"]
[EventRounds "6"]
[EventCountry "BRA"]
[SourceTitle "CBM 147 Extra"]
[Source "ChessBase"]
[SourceDate "2012.04.24"]
[SourceVersion "1"]
[SourceVersionDate "2012.04.24"]
[SourceQuality "1"]

1. e4 c6 2. Nf3 d5 3. exd5 cxd5 4. d4 Nf6 5. Nc3 g6 6. Be2 Bg7 7. 0-0 0-0 8. Bf4 a6 9. Qd2 Nc6 10. h3 Ne4 11. Qd1 b5 12. Ne5 Nxc3 13. bxc3 Nxe5 14. Bxe5 Bxe5 15. dxe5 Be6 16. Qd4 Qc7 17. f4 Rac8 18. Rf3 Qc5 19. Bd3 Rc7 20. f5 Qxd4+ 21. cxd4 Bxf5 22. Bxf5 gxf5 23. Rxf5 Rxc2 24. Raf1 Rxa2 25. e6 f6 26. Rxd5 Kh8 27. Rc1 b4 28. Rd7 Re8 29. Rb7 a5 30. d5 Ra3 31. Rcc7 b3 32. d6 b2 33. d7 Rd8 34. Rc8 1-0